Personální management jako nástroj řízení změn

Salvato in:
Dettagli Bibliografici
Autore principale: Stýblo, Jiří
Natura: Libro
Lingua:ceco
Pubblicazione: Praha VOX 2004
Serie:Management
Soggetti:
Tags: Aggiungi Tag
Nessun Tag, puoi essere il primo ad aggiungerne!!

MARC

LEADER 00000nam$a2200000$$$4500
001 0029412
005 20221207102727.2
020 |a 80-86324-43-5 
041 0 |a cze 
044 |a CZ 
245 1 0 |a Personální management jako nástroj řízení změn  |c Jiří Stýblo 
264 1 |a Praha  |b VOX  |c 2004 
490 1 |a Management 
830 0 |a Management 
610 2 0 |a manažment personálny 
610 2 0 |a riadenie ľudských zdrojov 
610 2 0 |a riadenie zmien 
610 2 0 |a riadenie personálne 
610 2 0 |a stratégia podniková 
610 2 0 |a riadenie znalostí 
610 2 0 |a kultúra podniková 
610 2 0 |a zdroje ľudské 
100 1 |a Stýblo, Jiří